[Event "Warsaw YMCA Winter 148th"]
[Site "Warsaw"]
[Date "2015.01.23"]
[Round "3"]
[White "Gajewski, Wojciech"]
[Black "Ulanowicz, Artur"]
[Result "1-0"]
[WhiteElo "1526"]
[BlackElo "1495"]
[PlyCount "69"]
[EventDate "2015.01.07"]
[EventType "tourn"]
[EventRounds "13"]
[EventCountry "POL"]
[SourceTitle "EXT 2019"]
[Source "ChessBase"]
[SourceDate "2018.10.10"]
[SourceVersion "1"]
[SourceVersionDate "2018.10.10"]
[SourceQuality "1"]

1. e4 e6 2. d3 d5 3. Nd2 c5 4. Ngf3 Nc6 5. g3 Nf6 6. Bg2 Be7 7. 0-0 0-0 8. c3 b6 9. Re1 Bb7 10. Qe2 Qc7 11. Nf1 dxe4 12. dxe4 e5 13. Bg5 h6 14. Bxf6 Bxf6 15. Ne3 Ne7 16. Ng4 Qd6 17. Rad1 Qe6 18. Bh3 Kh8 19. Qf1 Qxa2 20. Nxf6 gxf6 21. Rd7 Ba6 22. Qg2 Ng6 23. Bf5 Bc8 24. Qh3 Kg7 25. Rd6 Re8 26. Nh4 Be6 27. Bxe6 Rxe6 28. Nf5+ Kf8 29. Qxh6+ Ke8 30. Rxe6+ fxe6 31. Qxg6+ Kd7 32. Rd1+ Kc6 33. Ne3 Kb5 34. Qxf6 a5 35. c4+ 1-0

[Event "Warsaw YMCA Winter 148th"]
[Site "Warsaw"]
[Date "2015.01.13"]
[Round "2"]
[White "Ulanowicz, Artur"]
[Black "Jasinowicz, Waclaw"]
[Result "1-0"]
[WhiteElo "1495"]
[BlackElo "1436"]
[PlyCount "57"]
[EventDate "2015.01.07"]
[EventType "tourn"]
[EventRounds "13"]
[EventCountry "POL"]
[SourceTitle "EXT 2019"]
[Source "ChessBase"]
[SourceDate "2018.10.10"]
[SourceVersion "1"]
[SourceVersionDate "2018.10.10"]
[SourceQuality "1"]

1. c4 e5 2. Nc3 Nf6 3. g3 c6 4. Bg2 Bc5 5. Na4 Bb6 6. Nxb6 Qxb6 7. Nf3 d6 8. 0-0 0-0 9. b3 Bf5 10. Nh4 Qd4 11. Ba3 Be4 12. Bxe4 Nxe4 13. Nf3 Qb6 14. d3 Nc5 15. d4 exd4 16. Qxd4 Rd8 17. Rad1 Nba6 18. Rd2 Qa5 19. Qb2 Ne4 20. Rd3 Nac5 21. Re3 f5 22. b4 Qb6 23. bxc5 dxc5 24. Rd3 Qc7 25. Qe5 Qxe5 26. Nxe5 Nd2 27. Rd1 Rxd3 28. exd3 Re8 29. f4 1-0

[Event "Warsaw Najdorf Memorial op-B 11th"]
[Site "Warsaw"]
[Date "2013.08.06"]
[Round "2"]
[White "Rogalski, Krzysztof"]
[Black "Ulanowicz, Artur"]
[Result "1-0"]
[WhiteElo "1805"]
[BlackElo "1592"]
[PlyCount "117"]
[EventDate "2013.08.05"]
[EventType "swiss"]
[EventRounds "9"]
[EventCountry "POL"]
[SourceTitle "CBM 155 Extra"]
[Source "ChessBase"]
[SourceDate "2013.08.26"]
[SourceVersion "1"]
[SourceVersionDate "2013.08.26"]
[SourceQuality "1"]

1. d4 f5 2. Nf3 Nf6 3. g3 g6 4. Bg2 d5 5. c4 Bg7 6. Nc3 0-0 7. cxd5 Nxd5 8. Qb3 e6 9. 0-0 c6 10. e4 Nxc3 11. bxc3 Kh8 12. Ng5 Qd7 13. Ba3 Re8 14. exf5 gxf5 15. Rfe1 Bf6 16. Nh3 Na6 17. Rad1 Nc7 18. Nf4 Qf7 19. Bd6 Nd5 20. Nd3 Qd7 21. Be5 Bxe5 22. Nxe5 Qc7 23. Qb2 Rg8 24. c4 Nf6 25. d5 exd5 26. cxd5 Qg7 27. dxc6 f4 28. cxb7 Bxb7 29. Qxb7 Qxb7 30. Bxb7 Rab8 31. Bd5 Nxd5 32. Rxd5 Rb7 33. Kg2 fxg3 34. hxg3 Rc8 35. Rd2 Kg8 36. Nd3 Rd7 37. Re3 Rc3 38. Kf1 Rc1+ 39. Ke2 Rh1 40. Nf4 Rb7 41. Nd5 Kf8 42. Nf6 Rhb1 43. Ne4 Kg7 44. Nc3 Rc1 45. Red3 Re7+ 46. Kf3 Rf7+ 47. Kg2 Re1 48. Rd7 Ree7 49. Rxe7 Rxe7 50. Rd4 Rc7 51. Ne4 Kg6 52. g4 h5 53. Rd6+ Kg7 54. gxh5 Rc4 55. Ng3 Ra4 56. Rd2 Kh6 57. Kh3 Ra6 58. f4 Ra3 59. Kg4 1-0